000 00889nam a2200241Ia 4500
999 _c45361
_d45361
001 12185
003 GE_BSU
005 20221118145209.0
008 181216s2005en xx |||||||||||||| ||eng||
020 _a1845410114x
040 _cGE_BSU
041 _aeng
080 _a338.48 R-88
245 _aRural Tourism and Sustainable Business /
_cEdited by : Derek Hall,Irene Kirpatrick, and Morag mitchell.
264 _aClevedon :
_bChannel View Publigations,
_c2005.
300 _a370 p.:
_bill.
_c23 cm.
653 _aRural Tourism and Sustainable Business.
653 _aსოფლის ტურიზმი და მდგრადი ბიზნესი.
700 _aHall, Derek
_eრედაქტორი
_915914
700 _aKirpatrick, Irene
_eრედაქტორი
_915915
700 _amitchell, Morag
_eრედაქტორი
_915916
942 _cBK
_2udc